000 00449cam a2200181ua 4500
020 _cRs 2.50
041 _aeng
_h
082 _a320.58
_bGAN/RE
100 _aGandhi, M K.
245 _aRemoval of untouchability /
_cM K Gandhi.
_hTextual Documents
260 _aAhmadabad :
_bNavajivan publishing house ,
_c1954.
300 _a275 ; .
365 _aRs 2.50
504 _a
650 _aGandhiana
942 _cBK
999 _c1060
_d1060